000 00308nam a22001457a 4500
003 SGT
082 _a346.540954,DAS
100 _aDAS,P.K
245 _aRIGHTS OF DIVORCED WIFE AND WIDOWS
250 _a1ST
260 _aNEW DELHI
_bUNIVERSAL BOOKS
_c2013
300 _a552
650 _aLAW
942 _2ddc
_cBK
999 _c9767
_d9767